000 00309nam a2200133Ia 4500
005 20251222141848.0
008 251222s9999||||xx |||||||||||||| ||spa||
082 _a261/B45
100 _aBergoglio, Jorge Mario
245 0 _aCarta EncĂ­clica, Laudato Si:
250 _a1ra.ed.
264 _bUCSS
942 _cLIB
999 _c7624
_d7624